| 000 | 01057nam a22002537a 4500 | ||
|---|---|---|---|
| 001 | BD-DhSAU#14538 | ||
| 003 | BD-DhSAU | ||
| 005 | 20190306155842.0 | ||
| 008 | 150613b2011 bg a||||r|||| 000 0 eng d | ||
| 040 | _aBD-DhSAU | ||
| 082 |
_222 _a630.2 _bM745 |
||
| 100 |
_aMd. Rabiul Islam Mondol _eRegistration No. # 10-04161 |
||
| 245 |
_aInfluence of irrigation and foliar application of boron fertilizer on growth, yield and nutrient content of BARI gom 26 / _bMS thesis _cMondol, Md. Rabiul Islam |
||
| 260 |
_aSher-e- Bangla Agricultural University : _bDepartment of Chemistry, _c2016 |
||
| 300 |
_aixi, 89 p. : _bill. ; _c30 cm. |
||
| 500 | _aMS thesis of Department of Chemistry, Faculty of Agriculture, Sher-e-Bangla Agricultural University, Dhaka, Bangladesh | ||
| 590 | _aroy | ||
| 650 | _aChemistry. | ||
| 650 | _aGOM 26 | ||
| 700 |
_aRazzaque, Md. Abdur _eSupervisor |
||
| 700 |
_aKhan, Md. Sirajul Islam _eCo-Supervisor |
||
| 856 |
_uhttp://archive.saulibrary.edu.bd:8080/xmlui/handle/123456789/2277 _yOnline Access |
||
| 942 |
_2ddc _cTHESIS |
||
| 999 |
_c14538 _d14537 |
||